Psicología social y sus aplicaciones / (Registro nro. 13952)

Detalles MARC
000 -LEADER
fixed length control field 01558nam a2200313 a 4500
001 - CONTROL NUMBER
control field
003 - CONTROL NUMBER IDENTIFIER
control field DO-SdBNP
005 - DATE AND TIME OF LATEST TRANSACTION
control field 20220117124557.0
008 - FIXED-LENGTH DATA ELEMENTS--GENERAL INFORMATION
fixed length control field 101006s2017 dr 001 0 spa d
020 ## - INTERNATIONAL STANDARD BOOK NUMBER
International Standard Book Number 9789945168129
040 ## - CATALOGING SOURCE
Original cataloging agency DO-SdBNP
Language of cataloging spa
Transcribing agency BPMSU
082 ## - DEWEY DECIMAL CLASSIFICATION NUMBER
Classification number 302
Item number M516p 2017
Edition number 22
100 1# - MAIN ENTRY--PERSONAL NAME
Personal name Mejía-Ricart G., Tirso,
Dates associated with a name 1936-2021
Fuller form of name (Mejía-Ricart Guzmán)
245 10 - TITLE STATEMENT
Title Psicología social y sus aplicaciones /
Statement of responsibility, etc. Tirso Mejía Ricart.
Remainder of title
250 ## - EDITION STATEMENT
Edition statement 6a. ed.
260 ## - PUBLICATION, DISTRIBUTION, ETC. (IMPRINT)
Place of publication, distribution, etc. Santo Domingo :
Name of publisher, distributor, etc. Fundación Mejía Ricart-Guzmán Boom,
Date of publication, distribution, etc. 2017
300 ## - PHYSICAL DESCRIPTION
Extent v. ;
Dimensions 23 cm.
490 0# - SERIES STATEMENT
Series statement Textos básicos;
Volume/sequential designation 5
500 ## - GENERAL NOTE
General note Incluye índice
500 ## - GENERAL NOTE
General note Incluye índice
505 0# - FORMATTED CONTENTS NOTE
Miscellaneous information v.1
Title Psicología social básica --
-- Las bases de la psicología básica --
-- Las actitudes y los procesos psicosociales --
-- La conducta colectiva --
-- Conducta desviada y problemas sociales --
-- El comportamiento desviado --
-- Desviaciones que afectan primariamente a los individuos --
-- Desviaciones que afectan fundamentalmente el orden familiar --
-- Desviciones que afectan directamente a la comunidad --
-- Psicología social aplicada --
-- Perspectivas y recursos de la psicologia social aplicada --
-- La psicología social aplicada a los servicios sociales y a las artes --
-- Psicologia aplicada a la vida economica --
-- La psicologia politica y juridica --
590 ## - LOCAL NOTE (RLIN)
Local note Inventariado, 2022/VM
650 #4 - SUBJECT ADDED ENTRY--TOPICAL TERM
Topical term or geographic name as entry element Psicología social
650 #4 - SUBJECT ADDED ENTRY--TOPICAL TERM
Topical term or geographic name as entry element Psicología aplicada
650 #4 - SUBJECT ADDED ENTRY--TOPICAL TERM
Topical term or geographic name as entry element Actitud (psicología)
650 #4 - SUBJECT ADDED ENTRY--TOPICAL TERM
Topical term or geographic name as entry element Conducta colectiva
910 ## - USER-OPTION DATA (OCLC)
User-option data VMateo V.
942 ## - ADDED ENTRY ELEMENTS (KOHA)
Source of classification or shelving scheme Dewey Decimal Classification
Koha item type Libros
Existencias
Withdrawn status Lost status Source of classification or shelving scheme Damaged status Not for loan Collection code Home library Current library Date acquired Source of acquisition Total Checkouts Full call number Barcode Date last seen Copy number Price effective from Koha item type
    Dewey Decimal Classification     Colección Dominicana Biblioteca Pública Metropolitana Salomé Ureña Biblioteca Pública Metropolitana Salomé Ureña 01/17/2022 Fundacón Juan Bosch   BPMSU CD 302 M516p 2017 BPMSU22010033 01/17/2022 v.1 01/17/2022 Libros